| 000 | 00845nam a2200229Ia 4500 | ||
|---|---|---|---|
| 001 | 21747 | ||
| 005 | 20260407122612.0 | ||
| 008 | 260320s9999||||xx |||||||||||||| ||und|| | ||
| 020 | _a9786124881572 | ||
| 041 | _aESP | ||
| 082 |
_a614.1 _bO41 |
||
| 100 |
_aOlarte Sotomayor, Midwar, _eAUT |
||
| 245 | 0 |
_aVeracidad de testimonio de la víctima, del imputado y del testigo : _bdetrás de la cámara de Arnold Gesell |
|
| 250 | _aPrimera edición | ||
| 260 |
_aLima : _bCEMAR, _c2024 |
||
| 300 |
_a266 páginas : _c22 cm. |
||
| 650 | _aTCA | ||
| 653 | _aPsicología forense; Interrogatorio de testigos; Verdad y mentira - Aspectos psicológicos | ||
| 654 | _aCCS | ||
| 856 |
_uhttps://ebookcentral-proquest-com.ucsp.lookproxy.com/lib/catolicasp/home.action _zVéase además: Base de datos ProQuest Ebook Central |
||
| 942 |
_cLIB _dJUS _fMAT _2ddc |
||
| 999 |
_c21747 _d21747 |
||